MARC details
| 000 -CABECERA |
| campo de control de longitud fija |
01060cam a22002651a 4500 |
| 001 - NÚMERO DE CONTROL |
| campo de control |
000001701 |
| 005 - FECHA Y HORA DE LA ÚLTIMA TRANSACCIÓN |
| campo de control |
20200929145652.0 |
| 008 - DATOS DE LONGITUD FIJA--INFORMACIÓN GENERAL |
| campo de control de longitud fija |
761014s1923 xx ab 001 0 frex |
| 040 ## - FUENTE DE LA CATALOGACIÓN |
| Centro catalogador/agencia de origen |
DO-SdBNP |
| Lengua de catalogación |
spa |
| Centro/agencia transcriptor |
BNPHU |
| 082 ## - NÚMERO DE LA CLASIFICACIÓN DECIMAL DEWEY |
| Número de clasificación |
301.7 |
| Número de documento/Ítem |
M844d |
| 100 1# - ENTRADA PRINCIPAL--NOMBRE DE PERSONA |
| Nombre de persona |
Moret, Alexandre, |
| Fechas asociadas al nombre |
1868-1938 |
| 9 (RLIN) |
5309 |
| 245 10 - MENCIÓN DE TÍTULO |
| Título |
Des clans aux empires : |
| Resto del título |
l'organisation sociale chez les primitifs et dans l'Orient ancien / |
| Mención de responsabilidad, etc. |
A. Moret, G. Davy. |
| 260 ## - PUBLICACIÓN, DISTRIBUCIÓN, ETC. |
| Lugar de publicación, distribución, etc. |
París : |
| Nombre del editor, distribuidor, etc. |
Renaissance du livre, |
| Fecha de publicación, distribución, etc. |
1923. |
| 300 ## - DESCRIPCIÓN FÍSICA |
| Extensión |
xxviii, 414 p. : |
| Otras características físicas |
il., mapas ; |
| Dimensiones |
20 cm. |
| 490 1# - MENCIÓN DE SERIE |
| Mención de serie |
L'evolution de l'humanité, synthese collective, |
| Designación de volumen o secuencia |
6 |
| 500 ## - NOTA GENERAL |
| Nota general |
En portada: Bibliotheque de synthèse historique. L'evolution de l'humanité, |
| 504 ## - NOTA DE BIBLIOGRAFÍA, ETC. |
| Nota de bibliografía, etc. |
Bibliografía : p.[415]-418. |
| 650 #4 - PUNTO DE ACCESO ADICIONAL DE MATERIA--TÉRMINO DE MATERIA |
| Término de materia o nombre geográfico como elemento de entrada |
Sociedades primitivas |
| 9 (RLIN) |
5535 |
| 651 #4 - PUNTO DE ACCESO ADICIONAL DE MATERIA--NOMBRE GEOGRÁFICO |
| Nombre geográfico |
Egipto |
| Subdivisión general |
Antigüedades |
| 9 (RLIN) |
5536 |
| 651 #4 - PUNTO DE ACCESO ADICIONAL DE MATERIA--NOMBRE GEOGRÁFICO |
| Nombre geográfico |
Egipto |
| Subdivisión general |
Historia Antigua |
| 9 (RLIN) |
5537 |
| 650 #4 - PUNTO DE ACCESO ADICIONAL DE MATERIA--TÉRMINO DE MATERIA |
| Término de materia o nombre geográfico como elemento de entrada |
Hombres prehistoricos |
| 9 (RLIN) |
5538 |
| 650 #4 - PUNTO DE ACCESO ADICIONAL DE MATERIA--TÉRMINO DE MATERIA |
| Término de materia o nombre geográfico como elemento de entrada |
Mujeres prehistoricas |
| 9 (RLIN) |
5539 |
| 700 1# - PUNTO DE ACCESO ADICIONAL--NOMBRE DE PERSONA |
| Nombre de persona |
Davy, Georges |
| Fechas asociadas al nombre |
1883- |
| 9 (RLIN) |
5540 |
| 830 #0 - PUNTO DE ACCESO ADICIONAL DE SERIE-TÍTULO UNIFORME |
| Título uniforme |
L'evolution de l'humanité, synthese collective, |
| Designación de volumen o secuencia |
6 |
| 9 (RLIN) |
5541 |